| 000 | 00375nam a2200133Ia 4500 | ||
|---|---|---|---|
| 008 | 191014s9999 xx 000 0 und d | ||
| 020 | _aLC 63-20569 | ||
| 082 |
_a515.37 _bFLA |
||
| 100 |
_aHarley Flanders _920377 |
||
| 245 | 0 | _aDifferential Forms With Applications to the Physical Sciences | |
| 260 |
_aLondon _bAcademic Press _c1963 |
||
| 300 | _aXiii,203 | ||
| 942 | _cBK | ||
| 999 |
_c530955 _d530955 |
||